Cliquez sur un Élément du Tableau Périodique Valide A-Z - Statistiques

Statistiques générales
  • Ce quiz a été pris 1 716 fois
  • Le résultat moyen est 7 sur 23
Réponses sur la Carte
Les réponses sont colorées sur une échelle allant du rouge au vert en fonction du pourcentage des utilisateurs qui les ont devinées à leur premier essai. Vous pouvez retrouver ces pourcentages ci-dessous.
 
Statistiques - réponses
Réponse % Correct
H
74%
C
52%
B
51%
O
49%
L
43%
N
39%
A
38%
F
38%
P
31%
M
29%
S
29%
X
28%
R
23%
K
21%
U
21%
T
20%
G
19%
V
18%
I
17%
Z
17%
Y
15%
D
13%
E
13%
Aucun quiz correspondant
Distribution des résultats
% des personnes avec chaque résultat
Percentile par nombre de réponses
Votre historique - résultats
Vous n’avez pas pris ce quiz